<?xml version="1.0" encoding="UTF-8"?><?xml-stylesheet type="text/xsl" href="static/style.xsl"?><OAI-PMH xmlns="http://www.openarchives.org/OAI/2.0/" xmlns:xsi="http://www.w3.org/2001/XMLSchema-instance" xsi:schemaLocation="http://www.openarchives.org/OAI/2.0/ http://www.openarchives.org/OAI/2.0/OAI-PMH.xsd"><responseDate>2026-04-30T18:13:38Z</responseDate><request verb="GetRecord" identifier="oai:repisalud.isciii.es:20.500.12105/26689" metadataPrefix="marc">https://repisalud.isciii.es/rest/oai/request</request><GetRecord><record><header><identifier>oai:repisalud.isciii.es:20.500.12105/26689</identifier><datestamp>2025-12-18T12:58:37Z</datestamp><setSpec>com_20.500.12105_2052</setSpec><setSpec>com_20.500.12105_2051</setSpec><setSpec>com_20.500.12105_15322</setSpec><setSpec>col_20.500.12105_19608</setSpec><setSpec>col_20.500.12105_19610</setSpec><setSpec>col_20.500.12105_16959</setSpec><setSpec>col_20.500.12105_16962</setSpec><setSpec>col_20.500.12105_16968</setSpec><setSpec>col_20.500.12105_16970</setSpec><setSpec>col_20.500.12105_16981</setSpec><setSpec>col_20.500.12105_16983</setSpec></header><metadata><record xmlns="http://www.loc.gov/MARC21/slim" xmlns:dcterms="http://purl.org/dc/terms/" xmlns:doc="http://www.lyncode.com/xoai" xmlns:xsi="http://www.w3.org/2001/XMLSchema-instance" xsi:schemaLocation="http://www.loc.gov/MARC21/slim http://www.loc.gov/standards/marcxml/schema/MARC21slim.xsd">
   <leader>00925njm 22002777a 4500</leader>
   <datafield ind2=" " ind1=" " tag="042">
      <subfield code="a">dc</subfield>
   </datafield>
   <datafield ind2=" " ind1=" " tag="720">
      <subfield code="a">Pastor-Barriuso, Roberto</subfield>
      <subfield code="e">author</subfield>
   </datafield>
   <datafield ind2=" " ind1=" " tag="720">
      <subfield code="a">Gutiérrez-González, Enrique</subfield>
      <subfield code="e">author</subfield>
   </datafield>
   <datafield ind2=" " ind1=" " tag="720">
      <subfield code="a">Varea-Jiménez, Elena</subfield>
      <subfield code="e">author</subfield>
   </datafield>
   <datafield ind2=" " ind1=" " tag="720">
      <subfield code="a">Gómez-Ariza, José Luis</subfield>
      <subfield code="e">author</subfield>
   </datafield>
   <datafield ind2=" " ind1=" " tag="720">
      <subfield code="a">Castaño-Vinyals, Gemma</subfield>
      <subfield code="e">author</subfield>
   </datafield>
   <datafield ind2=" " ind1=" " tag="720">
      <subfield code="a">Aragonés, Nuria</subfield>
      <subfield code="e">author</subfield>
   </datafield>
   <datafield ind2=" " ind1=" " tag="720">
      <subfield code="a">Molina, Antonio José</subfield>
      <subfield code="e">author</subfield>
   </datafield>
   <datafield ind2=" " ind1=" " tag="720">
      <subfield code="a">Dierssen-Sotos, Trinidad</subfield>
      <subfield code="e">author</subfield>
   </datafield>
   <datafield ind2=" " ind1=" " tag="720">
      <subfield code="a">Fernández-Tardón, Guillermo</subfield>
      <subfield code="e">author</subfield>
   </datafield>
   <datafield ind2=" " ind1=" " tag="720">
      <subfield code="a">Amiano, Pilar</subfield>
      <subfield code="e">author</subfield>
   </datafield>
   <datafield ind2=" " ind1=" " tag="720">
      <subfield code="a">Ederra-Sanz, María</subfield>
      <subfield code="e">author</subfield>
   </datafield>
   <datafield ind2=" " ind1=" " tag="720">
      <subfield code="a">Moreno, Victor</subfield>
      <subfield code="e">author</subfield>
   </datafield>
   <datafield ind2=" " ind1=" " tag="720">
      <subfield code="a">Jiménez-Moleón, José Juan</subfield>
      <subfield code="e">author</subfield>
   </datafield>
   <datafield ind2=" " ind1=" " tag="720">
      <subfield code="a">Molina-Barceló, Ana</subfield>
      <subfield code="e">author</subfield>
   </datafield>
   <datafield ind2=" " ind1=" " tag="720">
      <subfield code="a">Marcos-Gragera, Rafael</subfield>
      <subfield code="e">author</subfield>
   </datafield>
   <datafield ind2=" " ind1=" " tag="720">
      <subfield code="a">Casabonne, Delphine</subfield>
      <subfield code="e">author</subfield>
   </datafield>
   <datafield ind2=" " ind1=" " tag="720">
      <subfield code="a">Alguacil, Juan</subfield>
      <subfield code="e">author</subfield>
   </datafield>
   <datafield ind2=" " ind1=" " tag="720">
      <subfield code="a">Gómez-Gómez, Jesús Humberto</subfield>
      <subfield code="e">author</subfield>
   </datafield>
   <datafield ind2=" " ind1=" " tag="720">
      <subfield code="a">García-Barrera, Tamara</subfield>
      <subfield code="e">author</subfield>
   </datafield>
   <datafield ind2=" " ind1=" " tag="720">
      <subfield code="a">Kogevinas, Manolis</subfield>
      <subfield code="e">author</subfield>
   </datafield>
   <datafield ind2=" " ind1=" " tag="720">
      <subfield code="a">Pollan-Santamaria, Marina</subfield>
      <subfield code="e">author</subfield>
   </datafield>
   <datafield ind2=" " ind1=" " tag="720">
      <subfield code="a">Perez-Gomez, Beatriz</subfield>
      <subfield code="e">author</subfield>
   </datafield>
   <datafield ind2=" " ind1=" " tag="260">
      <subfield code="c">2025-04</subfield>
   </datafield>
   <datafield ind2=" " ind1=" " tag="520">
      <subfield code="a">Background: Toenails are promising biomarkers of long-term metal exposure in epidemiological studies, but their accuracy may be compromised by systematic and random errors associated with heterogeneous toenail sample masses, as well as by substantial variability across laboratory batches. Objectives: We propose a novel modeling approach to calibrate toenail metal concentrations for the heterogeneity in sample masses and the variability between batches. Methods: We developed a heteroscedastic spline mixed model relating sample mass and laboratory batch with measured concentrations, allowing for an average bias in measurements over all batches as a smooth function of sample mass, random variation in mass-related biases across batches, and mass-related heterogeneity in within-batch error variance. The model allowed partitioning the total variance of measured concentrations into the extraneous variances (due to different sample masses and laboratory batches) and the intrinsic variance (resulting from distinct metal exposures). We derived calibrated metal concentrations from the model by removing both sources of extraneous variation and estimating the predicted concentrations had all toenail samples been analyzed in a single batch and of the same mass. We provide the R script COMET (COrrected METals) to fit the proposed model, extract variance components, and calibrate metal concentrations. Results: In a multicase-control study in Spain (MCC-Spain) with toenail determinations for 16 metals in 4,473 incident cases of five common cancers and 3,450 population controls, sample mass and batch accounted for 26%-60% of the total variance of measured concentrations for most metals. In comparison with calibrated concentrations, odds ratios for measured concentrations were biased by > 10% toward or away from the null in one-quarter of the estimated metal-cancer associations. Discussion: The proposed model allows correcting toenail metal concentrations for sample mass heterogeneity and between-batch variability and could be applied to other biological specimens of heterogeneous size, distinct laboratory techniques, and different study designs.</subfield>
   </datafield>
   <datafield ind1="8" ind2=" " tag="024">
      <subfield code="a">Pastor-Barriuso R, Gutiérrez-González E, Varea-Jiménez E, Gómez-Ariza JL, Castaño-Vinyals G, Aragonés N, Molina AJ, Dierssen-Sotos T, Fernández-Tardón G, Amiano P, Ederra-Sanz M, Moreno V, Jiménez-Moleón JJ, Molina-Barceló A, Marcos-Gragera R, Casabonne D, Alguacil J, Gómez-Gómez JH, García-Barrera T, Kogevinas M, Pollán M, Pérez-Gómez B. Calibration of Toenail Metal Concentrations for Sample Mass Heterogeneity and Between-Batch Variability: The COMET Approach. Environ Health Perspect. 2025 Apr;133(3-4):47009.</subfield>
   </datafield>
   <datafield ind1="8" ind2=" " tag="024">
      <subfield code="a">10.1289/EHP14784</subfield>
   </datafield>
   <datafield ind1="8" ind2=" " tag="024">
      <subfield code="a">1552-9924</subfield>
   </datafield>
   <datafield ind1="8" ind2=" " tag="024">
      <subfield code="a">0091-6765</subfield>
   </datafield>
   <datafield ind1="8" ind2=" " tag="024">
      <subfield code="a">Environmental health perspectives</subfield>
   </datafield>
   <datafield ind1="8" ind2=" " tag="024">
      <subfield code="a">40052947</subfield>
   </datafield>
   <datafield ind1="8" ind2=" " tag="024">
      <subfield code="a">https://hdl.handle.net/20.500.12105/26689</subfield>
   </datafield>
   <datafield ind2="0" ind1="0" tag="245">
      <subfield code="a">Calibration of Toenail Metal Concentrations for Sample Mass Heterogeneity and Between-Batch Variability: The COMET Approach</subfield>
   </datafield>
</record></metadata></record></GetRecord></OAI-PMH>